000 00872nam a22002897a 4500
999 _c806
_d806
001 003477
003 CoMeUDC003477
005 20190115232225.0
008 050427s2004 ck rl 00010 spa d
020 _a9586880990 (Obra completa)
035 _aAJC7310 LA
040 _ala
_cCoMeUDC
041 0 _aeng
082 0 4 _a347.09
_bC172L
_220 ed.
245 0 0 _aLaudos arbitrales en materia de seguros /
260 _aBogotá :
_bCámara de Comercio de Bogotá,
_c2004.
300 _a3 v. ;
_c24 cm.
504 _aIncluye bibliografías.
505 0 _av.1 Tomo I. -- v.2 Tomo II. -- v.3 Tomo III.
650 0 _aSupervisión estatal de seguros.
_91101
650 _aSeguros
_v Sentencias.
650 _aDerecho comercial.
650 0 _aSupervisión estatal de seguros.
_91102
650 _aSeguros
_x Procedimiento penal.
942 _2ddc
_cBK
949 _ac
_bc